000 00535nam a22001817a 4500
003 0
005 20241114130831.0
008 241114b xxu||||| |||| 00| 0 eng d
020 _a9798891611702
050 _aLB 14.7
_b.R36 2024
100 _aRamsey, Sean,
_eauthor.
245 _aPhilosophy of education /
_cSean Ramsey.
260 _aJersey City, USA :
_bAlexis Press,
_c2024.
300 _aviii, 253 p. ;
_c24 cm.
504 _aIncludes bibliographical references and index.
650 _aEducation
_vPhilosophy.
942 _2lcc
_cBK
999 _c366713
_d366713